01362nam a2200241Ia 4500001000600000003000900006008004100015040001300056040001300069041001300082100001100095100002900106245006600135245006600201250001100267260001000278260001100288260004900299300005900348500065900407650002301066650003101089C5728IT-RoPAU130308s9999 xx 000 0 und d aIT-RoPAU cIT-RoPAU aFRANCESE aAA.VV. gCodice Aut. SPICS: 12000 aDictionnaire encyclopedique de l'education et de la formation bDictionnaire Encyclopedique de L'Education et de la Formation a1a ed. aPARIS bNathan c1994 [1° Ed.:1994 - Ed.Ling.Originale:1994] a"1102 p. (prefazione: no ; testo: 1102 [pagine: 0-0])" aDizionario Enciclopedico dell'Educazione e della Formazione. contributi Diautori vari sotto la Direzione di Philippe Champy e Christiane Eteve'. piano di classificazione degli Articoli Secondo Raggruppamenti Tematici: Sistema di Educazione, Sistema di Formazione, Personale dell'Educazione e Formazione. Organismi nazionali e Internazionali, Scienze Umane e Sociali Applicate all'educazione e Alla Formazione, Personalità€, Aspetti Filosofici e Pedagogici, Aspetti Psicologici, Aspetti sociologici e Psicosociologici, insegnamento e Didattica delle Discipline Scolastiche, risorse per L'Educazione e la Formazione. 450 Articoli di Circa 190 Specialisti. aSAGGI DI PEDAGOGIA eCodice materia Spics: 3557